000 01043cam a22002771i 4500
003 SA-RiAUC
005 20251014075715.0
008 251011s2010 le h f b 00010 ara c
040 _aOQUL
_bara
_cSA-RiAUC.
_erda
050 4 _b.M37 2010
050 _b.M37
082 0 4 _a091.072
_qSA-RiAUC
090 _a091.072
_b م ر ع
100 1 _aالمرعشلي، يوسف عبد الرحمن،
_d1952-
_eمؤلف.
245 1 0 _aتحقيق المخطوطات /
_cإعداد يوسف المرعشلي.
250 _aالطبعة الثانية، مزيدة ومنقحة.
264 1 _aبيروت :
_bدار البشائر الإسلامية،
_c2010
300 _a237 صفحة :
_bمثيليات ؛
_c24 سم
336 _aنص
_btxt
_2rdacontent
_3كتاب
337 _aبدون وسيط
_bn
_2rdamedia
338 _aمجلد
_bnc
_2rdacarrier
504 _aيشتمل على ببليوجرافية.
650 7 _aالمخطوطات
_xتحقيق
_2aucsh
942 _2ddc
_cBOOK
_n0
949 _aSA-JeALM
_d251011
_umohamedma123
_n1
999 _c12542
_d12542